00297nam a22000857a 4500008004100000082001300041245011700054260003100171300000900202230621b xxu||||| |||| 00| 0 eng d a320bCOM aDeliberations De La LXIV Conference InterparlementairebProceedings of the LXIVth Inter-parliamentary conference aGenevabCompte Renduc1978 a843p